| 000 | 00473nam a2200145Ia 4500 | ||
|---|---|---|---|
| 008 | 170221s9999 xx 000 0 und d | ||
| 100 | _aTarek BEN ALI | ||
| 245 | _aExplaining the intent to start a business among Saudi Arabian University Students | ||
| 245 | _cTarek BEN ALI | ||
| 260 | _bInternational Review of Management and Marketing | ||
| 260 | _c2012 | ||
| 300 | _a: | ||
| 650 | _xMarketing. | ||
| 856 | _uhttp://www.econjournals.com/index.php/irmm/issue/view/72 | ||
| 999 |
_c313935 _d313935 |
||